000
00287 a2200145 4500
001
173541
020
_a
040
_c
Magnum
100
_a
Jaf, Ivan
240
1
0
_a
Bastiana vai a luta
_l
por
245
1
0
_a
Bastiana vai a luta
362
0
_a
1899
697
_a
IJ/FABULAS
942
_c
BK
999
_c
173541
_d
173541